E-commerce (Record no. 10387)
[ view plain ]
| 000 -LEADER | |
|---|---|
| fixed length control field | 00478cam a2200205ua 4500 |
| 001 - CONTROL NUMBER | |
| control field | 11580 |
| 005 - DATE AND TIME OF LATEST TRANSACTION | |
| control field | 20260515114754.0 |
| 008 - FIXED-LENGTH DATA ELEMENTS--GENERAL INFORMATION | |
| fixed length control field | 191010n ii |||gr||||Z||||||eng |
| 020 ## - INTERNATIONAL STANDARD BOOK NUMBER | |
| International Standard Book Number | 9788171395194 |
| 040 ## - CATALOGING SOURCE | |
| Transcribing agency | MAIN |
| 041 ## - LANGUAGE CODE | |
| Language code of text/sound track or separate title | eng |
| 082 ## - DEWEY DECIMAL CLASSIFICATION NUMBER | |
| Classification number | 381.142 |
| 100 ## - MAIN ENTRY--PERSONAL NAME | |
| Personal name | UK Singh, |
| Relator term | Author. |
| 245 ## - TITLE STATEMENT | |
| Title | E-commerce |
| Statement of responsibility, etc. | By UK Singh |
| 260 ## - PUBLICATION, DISTRIBUTION, ETC. | |
| Place of publication, distribution, etc. | New Delhi: |
| Name of publisher, distributor, etc. | Jnanada prakashan, |
| Date of publication, distribution, etc. | 2017. |
| 300 ## - PHYSICAL DESCRIPTION | |
| Extent | 304p. |
| 653 ## - INDEX TERM--UNCONTROLLED | |
| Uncontrolled term | Commerce |
| 700 ## - ADDED ENTRY--PERSONAL NAME | |
| Personal name | AK Nayak, |
| Relator term | Author. |
| 942 ## - ADDED ENTRY ELEMENTS (KOHA) | |
| Koha item type | Books |
| Withdrawn status | Lost status | Damaged status | Not for loan | Home library | Current library | Shelving location | Date acquired | Total checkouts | Full call number | Barcode | Date last seen | Date last checked out | Copy number | Price effective from | Koha item type |
|---|---|---|---|---|---|---|---|---|---|---|---|---|---|---|---|
| Naharkatiya College Library | Naharkatiya College Library | General stacks | 09/19/2020 | 2 | 381.142E-commerce | SIN | 27592 | 11/20/2023 | 10/30/2023 | 1 | 09/19/2020 | Books |